| 000 | 00696cam a2200181 4500 | ||
|---|---|---|---|
| 001 | 3800 | ||
| 010 | _a 00372090 | ||
| 020 | _a9780140287158 | ||
| 100 | 1 | _aPinto, Jerry. | |
| 245 | 1 | 0 |
_aSurviving women / _cJerry Pinto. |
| 260 |
_aNew Delhi : _a _bPenguin Books, _c2000. |
||
| 300 |
_axx, 187 p. ; _c21 cm. |
||
| 520 | _aAn attempt to highlight the notions of the average Indian male against his female counterpart. | ||
| 650 | 0 |
_aCourtship _zIndia. |
|
| 650 | 0 |
_aFeminism _zIndia. |
|
| 650 | 0 |
_aWomen _zIndia _xSocial conditions. |
|
| 856 |
_a _uhttp://books.google.bt/books?vid=ISBN9780140287158&printsec=frontcover&redir_esc=y#v=onepage&q&f=true _yLink to Google Books copy (incomplete version). _z _3 |
||
| 999 |
_c3110 _d3110 |
||